|
|
|
|
| LEADER |
00761nam a22002532a 4500 |
| 001 |
000964316 |
| 003 |
CZ BrMZK |
| 005 |
20100125131938.0 |
| 007 |
ta |
| 008 |
090903s1960 xr fr|||||||||||fre d |
| 040 |
|
|
|a ABA001
|b cze
|c HKA001
|d ABA001
|
| 041 |
1 |
|
|a fre
|h cze
|
| 080 |
9 |
|
|a 338(437)(022)=4
|
| 100 |
1 |
|
|a Dubský, Stanislav
|7 jk01023216
|4 aut
|
| 245 |
1 |
0 |
|a Développement économique /
|c Stanislav Dubský
|
| 260 |
|
|
|a Prague :
|b Orbis,
|c 1960
|f ([KNT])
|
| 300 |
|
|
|a 80, [3] s. ;
|c 8°
|
| 490 |
1 |
|
|a Tchécoslovaquie ;
|v 4
|
| 500 |
|
|
|a Přeloženo z češtiny
|
| 830 |
|
0 |
|a Tchécoslovaquie
|
| 910 |
|
|
|a BOA001
|b 1-0443.265
|
| 990 |
|
|
|a BK
|
| 991 |
|
|
|b 200909
|
| 996 |
6 |
|
|b 2619430190
|c 1-0443.265
|l MZK
|r Sklad / do 1 hodiny
|n 0
|w 000964316
|u 000010
|a 1
|e BOA001
|j MZK50
|s P
|